<?xml version="1.0" encoding="UTF-8"?>
<marc:record xmlns:marc="http://www.loc.gov/MARC21/slim">
   <marc:leader>00000nam a2200000 a 4500</marc:leader>
   <marc:datafield ind1="1" ind2=" " tag="100">
      <marc:subfield code="a">Schnabl-Kuglitsch, Petra</marc:subfield>
      <marc:subfield code="4">aut</marc:subfield>
      <marc:subfield code="e">Verfasser/-in</marc:subfield>
   </marc:datafield>
   <marc:datafield ind1=" " ind2=" " tag="653">
      <marc:subfield code="a">Softcover / Kinder- und Jugendbücher/Bilderbücher</marc:subfield>
   </marc:datafield>
   <marc:datafield ind1=" " ind2=" " tag="653">
      <marc:subfield code="a">Botschaft über Diversität und</marc:subfield>
   </marc:datafield>
   <marc:datafield ind1=" " ind2=" " tag="653">
      <marc:subfield code="a">Akzeptanz</marc:subfield>
   </marc:datafield>
   <marc:datafield ind1=" " ind2=" " tag="653">
      <marc:subfield code="a">Regenbogenfamilie</marc:subfield>
   </marc:datafield>
   <marc:datafield ind1=" " ind2=" " tag="653">
      <marc:subfield code="a">gereimte Form</marc:subfield>
   </marc:datafield>
   <marc:datafield ind1=" " ind2=" " tag="653">
      <marc:subfield code="a">passenden Lieder</marc:subfield>
   </marc:datafield>
   <marc:datafield ind1=" " ind2=" " tag="653">
      <marc:subfield code="a">Toleranz</marc:subfield>
   </marc:datafield>
   <marc:datafield ind1=" " ind2=" " tag="653">
      <marc:subfield code="a">Offenheit</marc:subfield>
   </marc:datafield>
   <marc:datafield ind1=" " ind2=" " tag="653">
      <marc:subfield code="a">Zweisprachigkeit</marc:subfield>
   </marc:datafield>
   <marc:datafield ind1=" " ind2=" " tag="653">
      <marc:subfield code="a">Bilderbücher</marc:subfield>
   </marc:datafield>
   <marc:datafield ind1="0" ind2="0" tag="245">
      <marc:subfield code="a">Rosa-Rote Ferien</marc:subfield>
   </marc:datafield>
   <marc:datafield ind1="0" ind2="0" tag="245">
      <marc:subfield code="c">Petra Schnabl-Kuglitsch</marc:subfield>
   </marc:datafield>
   <marc:datafield ind1=" " ind2="1" tag="264">
      <marc:subfield code="a">S.l.] @</marc:subfield>
      <marc:subfield code="b">Hermagoras</marc:subfield>
      <marc:subfield code="c">2025</marc:subfield>
   </marc:datafield>
   <marc:datafield ind1="1" ind2=" " tag="520">
      <marc:subfield code="a">In ihren Ferien erlebt Rosa eine spannende Zeit; ob beim Tanzen, sich verkleiden, ob auf der Alm oder am Bauernhof, bei Abenteuern mit ihrem besten Freund Anastasius, bei Oma und Opa oder einfach nur zuhause mit Papa und Vati.
&lt;br&gt;
Das Kinderbuch Rosa-Rote Ferien vermittelt eine wichtige Botschaft über Diversität und Akzeptanz, indem es das Leben eines Mädchens in einer Regenbogenfamilie in den Mittelpunkt stellt. Die gereimte Form, die dazu passenden Lieder und die farbenprächtigen Illustrationen machen das Lesen besonders unterhaltsam und ansprechend für Kinder. Das Kinderbuch hilft
&lt;br&gt;
eine Lücke zu füllen, da noch immer viel zu wenig Kinderliteratur diverse Familienkonstellationen als eine Normalität abbildet. Die jungen Leser*innen erfahren Toleranz und Offenheit als eine grundlegende Fähigkeit. Es wird gelernt, Vorurteile abzubauen und das Verständnis für verschiedene Lebensrealitäten zu stäken. Die Zweisprachigkeit des Buches ist Ausdruck der Verankerung der Autor*innen in der slowenischen Volksgruppe in Kärnten und öffnet das Tor zur Leser*innenschaft in Slowenien.
</marc:subfield>
   </marc:datafield>
   <marc:datafield ind1=" " ind2=" " tag="020">
      <marc:subfield code="a">9783708613734</marc:subfield>
      <marc:subfield code="9">9783708613734</marc:subfield>
   </marc:datafield>
   <marc:datafield ind1=" " ind2=" " tag="020">
      <marc:subfield code="a">3708613732</marc:subfield>
      <marc:subfield code="9">3708613732</marc:subfield>
   </marc:datafield>
   <marc:datafield ind1=" " ind2=" " tag="041">
      <marc:subfield code="a">ger</marc:subfield>
   </marc:datafield>
   <marc:datafield ind1=" " ind2=" " tag="300">
      <marc:subfield code="a">48 Seiten</marc:subfield>
   </marc:datafield>
</marc:record>
